000 01003nam a22002297a 4500
999 _c520
_d520
003 AR-CdUCM
008 190223b ||||| |||| 00| 0 spa d
020 _a9972691357
040 _aMUNICIPALIDAD PROVINCIAL DEL CUSCO
_cBIBLIOTECA MUNICIPAL DEL CUSCO
082 _a985.28 /
_bT27
100 _aTaylor, Gerald
_92028
245 _aCamac, camay y camasca :
_by otros ensayos sobre Huarochirí y Yauyos /
_cTaylor, Gerald
260 _aCusco :
_bCBC,
_c2000.
300 _a187 páginas ;
_c23 cm.
440 _aSerie archivo de Historia Andina del CBC - Centro de Estudios Regionales Andinos "Bartolomé de las Casas".
_nTomo 35
_92029
505 _aLengua general y lenguas particulares en la antigua provincia de Yauyos -- cultos y fiestas -- los dialectos quechuas de Yauyos -- textos quechuas de Laraos -- la laguna de Yanascocha ...
650 _aEtnohistoria .
_92030
650 _aTradición oral.
_92031
650 _aLenguas amerindias.
_92032
942 _2ddc
_cLIBROS
945 _aachl
_d2019-02-23